[Event "AUTO-MASTER-713"]
[Site "http://www.queenalice.com/game.php?id=521921"]
[Date "2009.1.13"]
[Round "1"]
[White "petri"]
[Black "andrevillares"]
[Result "1-0"]
[WhiteElo "2164"]
[BlackElo "1994"]

1. d4 Nf6 2. c4 e6 3. Nf3 Bb4+ 4. Nbd2 O-O 5. a3 Bxd2+ 6. Bxd2 d5 7. Qc2 b6 8.
e3 Ba6 9. Rc1 c6 10. Bd3 Nbd7 11. cxd5 Bxd3 12. Qxd3 cxd5 13. O-O Ne4 14. Rc2
Ndf6 15. Rfc1 Qd7 16. Ne5 Qd8 17. Bb4 Nd6 18. Rc7 a5 19. Bxd6 Qxd6 20. R1c6 Qd8
21. Qc2 b5 22. Nxf7 Rxf7 23. Rc8 Rxc8 24. Rxc8 Rf8 25. Rxd8 Rxd8 26. Qc6 b4 27.
Qxe6+ Kf8 28. a4 Re8 29. Qa6 Ng4 30. Qd6+ Re7 31. Qxd5 Nf6 32. Qxa5 1-0

[Event "AUTO-MASTER-713"]
[Site "http://www.queenalice.com/game.php?id=521922"]
[Date "2009.1.13"]
[Round "1"]
[White "andrevillares"]
[Black "petri"]
[Result "0-1"]
[WhiteElo "1992"]
[BlackElo "2178"]

1. d4 d5 2. c4 e6 3. Nc3 c6 4. Nf3 dxc4 5. e4 b5 6. a4 Bb4 7. axb5 cxb5 8. Be2
Bb7 9. Qc2 Nf6 10. e5 Ne4 11. O-O Nxc3 12. bxc3 Be7 13. Qb2 Bc6 14. Rd1 O-O 15.
Bf4 a5 16. Ne1 Na6 17. Nc2 Nc7 18. Ne3 Nd5 19. Nxd5 Qxd5 20. Bf3 Qd7 21. Qe2 Bd5
22. Bxd5 exd5 23. Qh5 b4 24. Bd2 b3 25. f4 g6 26. Qf3 a4 27. g4 a3 28. f5 b2 29.
Ra2 Qb5 30. Qf1 Qb3 31. f6 Bb4 32. cxb4 Qxa2 33. Qh3 b1=Q 34. Rxb1 Qxb1+ 35. Kf2
Kh8 36. Bh6 a2 37. Bg7+ Kg8 38. Qh6 a1=Q 39. Bxf8 Qg1+ 40. Ke2 Qad1# 0-1

[Event "2^ECCUP R4"]
[Site "http://www.queenalice.com/game.php?id=545038"]
[Date "2009.2.23"]
[Round "-"]
[White "Cuti"]
[Black "petri"]
[Result "0-1"]
[WhiteElo "2002"]
[BlackElo "2184"]

1. e4 c5 2. Nf3 e6 3. d4 cxd4 4. Qxd4 Nc6 5. Qa4 d6 6. Bb5 Bd7 7. Nc3 Be7 8. Be3
a6 9. Be2 b5 10. Qb3 Nf6 11. Rd1 d5 12. a3 Nxe4 13. Nxe4 dxe4 14. Nd4 Na5 15.
Qa2 Qc7 16. b4 Nc4 17. Bxc4 bxc4 18. Qa1 a5 19. Nxe6 Bxe6 20. Qxg7 Rf8 21. Qxh7
axb4 22. Bh6 bxa3 23. Bxf8 Qa5+ 24. Kf1 Bxf8 25. Qxe4 a2 26. Qc6+ Ke7 27. Qb7+
Kf6 28. Ra1 Qc3 29. Qf3+ Qxf3 30. gxf3 Bb4 31. Ke2 Bc3 32. f4 Re8 33. Rhe1 Bg4+
34. Kf1 Bh3+ 35. Kg1 Rxe1+ 36. Rxe1 Bxe1 37. c3 a1=Q 38. f3 Bg3# 0-1

[Event "arvo1938-2"]
[Site "http://www.queenalice.com/game.php?id=586014"]
[Date "2009.5.10"]
[Round "1"]
[White "tariann"]
[Black "petri"]
[Result "0-1"]
[WhiteElo "2017"]
[BlackElo "2171"]

1. e4 c5 2. Nf3 e6 3. d4 cxd4 4. Nxd4 a6 5. c4 Nf6 6. Nc3 Qc7 7. Be3 Bb4 8. Qb3
Bxc3+ 9. Qxc3 O-O 10. Bd3 d5 11. exd5 exd5 12. O-O Ng4 13. Nf3 Nxe3 14. Bxh7+
Kxh7 15. Qxe3 Qxc4 16. Qe7 Kg8 17. Rac1 Qxa2 18. Ng5 Nc6 0-1

[Event "arvo1938-2"]
[Site "http://www.queenalice.com/game.php?id=621618"]
[Date "2009.7.19"]
[Round "3"]
[White "Nille"]
[Black "petri"]
[Result "1-0"]
[WhiteElo "1759"]
[BlackElo "2193"]

1. e4 c5 2. Nf3 d6 3. Bc4 Nc6 4. h3 Nf6 5. Nc3 e6 6. d3 Be7 7. O-O O-O 8. a3 a6
9. Bd2 b5 10. Ba2 Bb7 11. Ne2 Rc8 12. c3 Ne5 13. Nxe5 dxe5 14. Bg5 Rc7 15. f4
1-0

[Event "AUTO-MASTER-949"]
[Site "http://www.queenalice.com/game.php?id=678706"]
[Date "2009.11.6"]
[Round "1"]
[White "bugiaitoc"]
[Black "petri"]
[Result "1/2-1/2"]
[WhiteElo "2162"]
[BlackElo "2190"]

1. e4 c5 2. Nf3 e6 3. d4 cxd4 4. Nxd4 a6 5. c4 Nf6 6. Bd3 Nc6 7. Be3 Qc7 8. O-O
Ne5 9. h3 Bc5 10. Nc3 O-O 11. b3 Qb6 12. Na4 Qd6 13. Nxc5 b6 14. Na4 Nxd3 15.
Qxd3 e5 16. Rad1 exd4 17. Qxd4 Qxd4 18. Bxd4 b5 19. Nb6 Rb8 20. Nxc8 Rfxc8 21.
Bxf6 gxf6 22. cxb5 Rxb5 23. Rxd7 Rc2 24. Ra1 f5 25. Rd4 fxe4 26. Rxe4 Rf5 27. f3
Rd5 28. Rg4+ Kf8 29. b4 Rdd2 30. a3 h5 31. Rg3 h4 32. Rg4 f5 33. Rg5 Ke7 34.
Re1+ Kf6 35. Rg8 Kf7 36. Rg5 Kf6 37. f4 Rc4 38. Rf1 Ra2 39. Rh5 Rcc2 40. Rg5
Rxa3 41. Kh2 Rc4 42. Rh5 Ra2 43. Rh6+ Kg7 44. Rxh4 Rxb4 45. Rh5 Kf6 46. h4 a5
47. Rh6+ Kg7 48. Ra6 Rbb2 49. Rg1 a4 50. h5 a3 51. Kh3 Rf2 52. Kg3 Rad2 53. Rxa3
Ra2 54. Rxa2 Rxa2 55. Rh1 Kh6 56. Rh2 Rc2 57. Rh3 Rc1 58. Kh4 Rf1 59. g3 Rg1 60.
Rh2 Rf1 61. Kh3 Rd1 62. g4 Rg1 63. g5+ Kxh5 64. Rg2 Rc1 65. Re2 Rc3+ 66. Kg2 Kg4
67. Rf2 Rc7 68. Kh2 Rh7+ 69. Kg2 Rd7 70. Kh2 Rh7+ 71. Kg2 Rd7 72. Kh2 1/2-1/2

[Event "AUTO-MASTER-949"]
[Site "http://www.queenalice.com/game.php?id=678707"]
[Date "2009.11.6"]
[Round "1"]
[White "petri"]
[Black "bugiaitoc"]
[Result "1-0"]
[WhiteElo "2179"]
[BlackElo "2157"]

1. d4 Nf6 2. c4 c5 3. d5 b5 4. Nf3 e6 5. Bg5 exd5 6. cxd5 Qa5+ 7. Nc3 Ne4 8. Bd2
Nxd2 9. Nxd2 d6 10. e4 Bd7 11. a4 b4 12. Nb5 Bxb5 13. Bxb5+ Nd7 14. Bxd7+ Kxd7
15. O-O Qd8 16. Nc4 Kc7 17. Re1 Be7 18. e5 dxe5 19. Nxe5 Qf8 20. Qd3 Bd6 21. Qa6
Bxe5 22. Qc6+ Kb8 23. Rxe5 Qc8 24. Qb5+ Qb7 25. Qxc5 Rc8 26. Qd6+ Qc7 27. Qxb4+
Qb6 28. Qf4 Qc7 29. d6 Qxd6 30. Rb5+ Kc7 31. Qxf7+ Kd8 32. Re1 1-0

[Event "AUTO-MASTER-949"]
[Site "http://www.queenalice.com/game.php?id=678720"]
[Date "2009.11.6"]
[Round "1"]
[White "SubRoger"]
[Black "petri"]
[Result "0-1"]
[WhiteElo "2118"]
[BlackElo "2166"]

1. e4 c5 2. Nf3 e6 3. Nc3 a6 4. b3 Be7 5. Bb2 d6 6. Be2 Nf6 7. O-O e5 8. d3 Be6
9. h3 O-O 10. Nh2 Nc6 11. Ng4 Nd4 12. f4 exf4 13. Rxf4 Nxe2+ 14. Nxe2 Nxg4 15.
hxg4 Bg5 16. Rf3 Bxg4 17. Rf2 Be3 18. Qe1 Qg5 19. Bc1 Bxf2+ 20. Qxf2 Qe5 21. Rb1
f5 22. Bb2 Qe7 23. e5 Rae8 24. Ng3 dxe5 25. Re1 e4 26. dxe4 fxe4 27. Qe3 Bf5 28.
c4 Qh4 0-1

[Event "AUTO-MASTER-949"]
[Site "http://www.queenalice.com/game.php?id=678721"]
[Date "2009.11.6"]
[Round "1"]
[White "petri"]
[Black "SubRoger"]
[Result "1-0"]
[WhiteElo "2156"]
[BlackElo "2080"]

1. d4 d5 2. c4 c6 3. Nf3 Nf6 4. e3 Bg4 5. Nc3 g6 6. h3 Bxf3 7. Qxf3 Nbd7 8. cxd5
cxd5 9. Nxd5 Nxd5 10. Qxd5 Rb8 11. Bd2 Bg7 12. Be2 O-O 13. Bb4 e6 14. Qb3 Re8
15. O-O b6 16. Bd6 Rc8 17. Bb5 Bf8 18. Bg3 Qe7 19. Qa4 a5 20. Bxd7 1-0

[Event "AUTO-MASTER-949"]
[Site "http://www.queenalice.com/game.php?id=678730"]
[Date "2009.11.6"]
[Round "1"]
[White "petri"]
[Black "Giant"]
[Result "0-1"]
[WhiteElo "2177"]
[BlackElo "2231"]

1. d4 Nf6 2. c4 e6 3. Nf3 Bb4+ 4. Nbd2 a5 5. g3 d5 6. Bg2 dxc4 7. a3 Be7 8. Nxc4
Ra6 9. Qd3 O-O 10. O-O c5 11. dxc5 Qxd3 12. exd3 Bxc5 13. Bd2 a4 14. Rac1 Nbd7
15. d4 Be7 16. Rc2 Nd5 17. Nce5 Nxe5 18. Nxe5 Rb6 19. Rb1 f6 20. Nd3 Bd6 21. Nc5
Bxc5 22. dxc5 Rc6 23. Rd1 b6 24. Bb4 Rd8 25. Bf1 Bd7 26. Bb5 Rcc8 27. c6 Rc7 28.
Bd6 Rcc8 29. Be7 Nxe7 30. Rxd7 Rxd7 31. cxd7 Rd8 32. Bxa4 Kf7 33. Rc7 Nd5 34.
Rb7 Ke7 35. Kf1 g5 36. Ke2 f5 37. Bb5 h6 0-1

[Event "AUTO-MASTER-949"]
[Site "http://www.queenalice.com/game.php?id=678731"]
[Date "2009.11.6"]
[Round "1"]
[White "Giant"]
[Black "petri"]
[Result "0-1"]
[WhiteElo "2174"]
[BlackElo "2167"]

1. d4 Nf6 2. c4 e6 3. a3 d5 4. e3 c6 5. Nc3 Nbd7 6. Nf3 Be7 7. Bd2 Ne4 8. Bd3
Nxd2 9. Qxd2 dxc4 10. Bxc4 h5 11. h4 Nf6 12. O-O-O b5 13. Bd3 b4 14. Ne4 bxa3
15. Nxf6+ gxf6 16. b3 Bb7 17. Kb1 Qb6 18. Ka2 c5 19. dxc5 Bxc5 20. Qc3 Ke7 21.
Bc4 Rhg8 22. Ne1 Bxg2 23. Rg1 Be4 24. Nd3 Bd6 25. Qd2 Bf3 26. Rc1 Rxg1 27. Rxg1
a5 28. Rg7 a4 29. Qc3 Rc8 30. Nf4 Bxf4 31. exf4 axb3+ 32. Qxb3 Qxf2+ 33. Ka1
Qd4+ 34. Ka2 Rxc4 35. Qb1 Qd2+ 36. Kxa3 Qa5+ 0-1

[Event "AUTO-MASTER-949"]
[Site "http://www.queenalice.com/game.php?id=846001"]
[Date "2010.10.14"]
[Round "2"]
[White "Harir"]
[Black "petri"]
[Result "0-1"]
[WhiteElo "2341"]
[BlackElo "2213"]

1. e4 c5 2. Nf3 e6 3. Bc4 d5 4. exd5 exd5 5. Bb5+ Nc6 6. O-O Bd6 7. d4 Ne7 8.
dxc5 Bxc5 9. Nc3 O-O 10. a3 Bg4 11. h3 Bxf3 12. Qxf3 Nd4 13. Qd3 a6 14. Ba4 b5
15. Bb3 Nxb3 16. cxb3 d4 17. Ne4 Qd5 18. Nxc5 Qxc5 19. Rd1 Rad8 20. Bf4 Ng6 21.
Bg3 f5 22. Rac1 Qd5 23. Bc7 Rd7 24. b4 Re8 25. Rc5 Qe6 26. g3 Qe7 27. Bf4 Nxf4
28. gxf4 g6 29. Re5 Qf7 30. Rc1 Red8 31. Rc6 Rd6 32. Rc1 R8d7 33. b3 Qf6 34.
Re8+ Kg7 35. Rcc8 Qh4 36. a4 Qxf4 37. axb5 axb5 38. Re1 Kf6 39. Rc5 Ra7 40. Rce5
Qxe5 41. Rxe5 Kxe5 42. Qxb5+ Kf6 43. f4 Re7 44. Qb8 Ke6 45. Kf2 d3 46. Ke1 d2+
47. Kd1 h6 48. b5 Kd7 49. Qb7+ Ke8 50. Qb8+ Rd8 51. Qxd8+ Kxd8 52. Kxd2 Kc7 53.
Kd3 Re4 0-1

[Event "AUTO-MASTER-949"]
[Site "http://www.queenalice.com/game.php?id=846002"]
[Date "2010.10.14"]
[Round "2"]
[White "petri"]
[Black "Harir"]
[Result "1-0"]
[WhiteElo "2196"]
[BlackElo "2356"]

1. d4 d5 2. c4 Nf6 3. cxd5 Qxd5 4. Nc3 Qa5 5. Nf3 Nc6 6. Bd2 Bg4 7. e3 Qf5 8.
Be2 e5 9. d5 Nb4 10. Qa4+ c6 11. dxc6 Nxc6 12. Nxe5 Qxe5 13. Bxg4 Nxg4 14. Qxg4
Be7 15. f4 h5 16. Qf3 Qe6 17. O-O O-O-O 18. f5 Qc4 19. Rfd1 Qg4 20. Rac1 Qxf3
21. gxf3 Rd3 22. e4 Rhd8 23. Nd5 R3xd5 24. exd5 Rxd5 25. Be3 Rxf5 26. Bxa7 Rxf3
27. Bc5 Bg5 28. Rc2 Rf5 29. b4 Bf4 30. Kh1 b5 31. Bf8 Kc7 32. Bxg7 Kb6 33. Rf2
Ne7 34. Rdf1 Nd5 35. Bh6 Nxb4 36. Bxf4 Rd5 37. Bd2 Nd3 38. Rxf7 Kc6 39. R1f6+
Rd6 40. Rxd6+ Kxd6 41. Rf5 Kc6 42. h4 Nb2 43. Rxh5 Nc4 44. Bb4 1-0

[Event "AUTO-MASTER-949"]
[Site "http://www.queenalice.com/game.php?id=846005"]
[Date "2010.10.14"]
[Round "2"]
[White "boydelta"]
[Black "petri"]
[Result "0-1"]
[WhiteElo "2215"]
[BlackElo "2189"]

1. e4 c5 2. Nf3 e6 3. d3 Nc6 4. c3 d5 5. Nbd2 Bd6 6. Be2 Nge7 7. O-O O-O 8. Qc2
Bd7 9. g3 a5 10. a4 b6 11. Re1 Qc7 12. Nf1 f5 13. Bd1 Rae8 14. Bg5 f4 15. Bxe7
Rxe7 16. exd5 exd5 17. Qd2 Rxe1 18. Qxe1 Re8 19. Qd2 Bg4 20. Rc1 Qf7 21. Nh4 Be6
22. f3 Bd7 23. g4 h5 24. h3 Ne5 25. Nh2 c4 26. Bc2 cxd3 27. Bxd3 Bc5+ 28. Kh1
Be3 0-1

[Event "AUTO-MASTER-949"]
[Site "http://www.queenalice.com/game.php?id=846006"]
[Date "2010.10.14"]
[Round "2"]
[White "petri"]
[Black "boydelta"]
[Result "1-0"]
[WhiteElo "2229"]
[BlackElo "2274"]

1. d4 Nf6 2. c4 g6 3. Nf3 Bg7 4. g3 O-O 5. Bg2 d5 6. cxd5 Nxd5 7. O-O c6 8. Nc3
Nxc3 9. bxc3 Bf5 10. Ng5 Qc8 11. Bd2 f6 12. Qb3+ e6 13. e4 fxg5 14. exf5 Rxf5
15. Bh3 Kh8 16. Bxf5 exf5 17. Bxg5 h6 18. Bf4 Nd7 19. Rae1 g5 20. Qf7 gxf4 21.
Re7 Qg8 22. Rxd7 Qxf7 23. Rxf7 c5 24. dxc5 Bxc3 25. Rc1 Bd2 26. Rc2 Rd8 27. Rxb7
f3 28. h4 f4 29. c6 Ba5 30. c7 Bxc7 31. Rcxc7 Rd1+ 32. Kh2 fxg3+ 33. Kxg3 Rg1+
34. Kf4 a5 35. Ke5 h5 36. Kf6 Rg4 37. Rc8+ Rg8 38. Rxg8+ Kxg8 39. Rb8+ Kh7 40.
a4 1-0

[Event "AUTO-MASTER-949"]
[Site "http://www.queenalice.com/game.php?id=846009"]
[Date "2010.10.14"]
[Round "2"]
[White "petri"]
[Black "luciopac"]
[Result "1-0"]
[WhiteElo "2202"]
[BlackElo "2104"]

1. d4 Nf6 2. c4 e6 3. Nf3 Bb4+ 4. Nc3 c5 5. e3 d5 6. Bd3 Nc6 7. O-O O-O 8. a3
Bxc3 9. bxc3 b6 10. cxd5 exd5 11. Ne5 Nxe5 12. dxe5 Ne4 13. Qc2 f5 14. f3 Ng5
15. Qf2 Ne6 16. Rd1 Bb7 17. Qc2 g6 18. Qf2 c4 19. Bxc4 Rc8 20. Ba2 Rxc3 21. Bd2
Rc8 22. Bb4 Re8 23. e4 Nf4 24. exd5 Rxe5 25. d6+ Bd5 26. Bxd5+ 1-0

[Event "AUTO-MASTER-949"]
[Site "http://www.queenalice.com/game.php?id=846010"]
[Date "2010.10.14"]
[Round "2"]
[White "luciopac"]
[Black "petri"]
[Result "1-0"]
[WhiteElo "2110"]
[BlackElo "2211"]

1. e4 c5 2. Nf3 e6 3. d4 cxd4 4. Nxd4 a6 5. Bd3 Nf6 6. O-O Qc7 7. Be3 d5 8. exd5
Nxd5 9. Bd2 Nd7 10. Nc3 N5f6 11. a3 Bd6 12. Nf3 O-O 13. h3 b6 14. Qe2 Bb7 15.
Ng5 Nc5 16. Nge4 Nfxe4 17. Nxe4 Qc6 18. f3 Rad8 19. Nxd6 Qxd6 20. Bb4 a5 21.
Bxc5 Qxc5+ 22. Qf2 Rd4 23. Rae1 Rfd8 24. Kh1 Bc6 25. Qg3 R4d5 26. Re4 Qd6 27.
Qh4 Bb5 28. Bc4 Bxc4 29. Rxc4 b5 30. Rc3 Rd2 31. Qe4 a4 32. Rc6 1-0

[Event "Let's Play Chess!"]
[Site "http://www.queenalice.com/game.php?id=990634"]
[Date "2011.10.2"]
[Round "-"]
[White "petri"]
[Black "HelderNanques"]
[Result "1-0"]
[WhiteElo "2242"]
[BlackElo "2128"]

1. e4 d5 2. exd5 Qxd5 3. Nf3 Bg4 4. Be2 Nc6 5. d4 O-O-O 6. b4 Bxf3 7. Bxf3 Qxd4
8. c3 Qxd1+ 9. Bxd1 g6 10. b5 Ne5 11. O-O Bg7 12. a4 Nf6 13. a5 Nd3 14. Bf3 Nd5
15. Bd2 f5 16. Ra3 e5 17. a6 e4 18. axb7+ Kxb7 19. Be2 Nb6 20. Be3 f4 21. Bxd3
Rxd3 22. Bxf4 Nd5 23. Bc1 Nxc3 24. Rxc3 Bxc3 25. Nxc3 Rxc3 26. Bb2 Rb3 27. Bxh8
Rxb5 28. Ra1 a5 29. Bc3 Ka6 30. Kf1 1-0

[Event "Let's Play Chess!"]
[Site "http://www.queenalice.com/game.php?id=1023893"]
[Date "2012.2.1"]
[Round "-"]
[White "HTH"]
[Black "petri"]
[Result "0-1"]
[WhiteElo "2253"]
[BlackElo "2251"]

1. d4 c5 2. d5 d6 3. c4 g6 4. Nc3 Bg7 5. e4 e6 6. f4 Ne7 7. Nf3 O-O 8. Be2 exd5
9. cxd5 Bg4 10. O-O a6 11. a4 Re8 12. Qb3 Qc7 13. a5 Nd7 0-1

[Event "ASIA+EUROPA"]
[Site "http://www.queenalice.com/game.php?id=1041453"]
[Date "2012.3.22"]
[Round "1"]
[White "petri"]
[Black "WakanTanka"]
[Result "0-1"]
[WhiteElo "2263"]
[BlackElo "2592"]

1. d4 Nf6 2. c4 e6 3. g3 d5 4. Bg2 Be7 5. Nf3 O-O 6. Qc2 c5 7. dxc5 Qa5+ 8. Nc3
dxc4 9. O-O Nc6 10. Bg5 Qxc5 11. Bxf6 gxf6 12. Ne4 Qb6 13. Ned2 e5 14. Nxc4 Qa6
15. Nd6 Bxd6 16. e3 Rd8 17. Nh4 Bf8 18. Be4 h6 19. a3 Be6 20. Rfd1 Na5 21. Bh7+
Kh8 22. Bf5 Bb3 23. Rxd8 Rxd8 24. Qc7 Nc6 25. Bd7 Qb6 26. Qxb6 axb6 27. Bxc6
bxc6 28. Nf3 c5 29. e4 Kh7 30. Rc1 Rd3 31. Kf1 Ba4 32. Ne1 Rd2 33. Rb1 Bc6 34.
Nf3 Rd3 35. Nh4 Rb3 36. Rd1 Bxe4 37. Rd2 c4 38. Ng2 Bxa3 39. bxa3 c3 40. Rd7 c2
41. Rxf7+ Kg6 42. Rc7 Rb1+ 43. Ke2 c1=Q 44. Rxc1 Rxc1 45. Ne3 Rc3 46. a4 Ra3 47.
h3 Ra2+ 48. Ke1 Rxa4 49. Kd2 Ra2+ 50. Kc3 Rxf2 51. Kb4 Rf3 52. Nc4 Rxg3 53. Nxb6
Rxh3 54. Nd7 h5 0-1